000 00670nam a2200265Ia 4500
005 20260121172413.0
008 008 260114s9999 xx 000 0 eng d
020 _a9783030554545
037 _aEBOOK
040 _aCRL
040 _beng
040 _cCRL
041 _2eng
041 _aeng
084 _qCRL
100 _aKirk L. Hamilton, Daniel C. Devor
_91088013
245 0 _aStudies of Epithelial Transporters and Ion Channels
260 _bSpringer
260 _bSpringer
260 _c2020
856 _uhttps://link.springer.com/openurl?genre=book&isbn=978-3-030-55454-5
942 _cEBOOK
999 _c1653752
_d1653752